SOCIEDAD Y ECONOMIA COMPETITIVA UN ANALISIS DEL ESTADO DEL MALESTAR (Record no. 1645)
[ view plain ]
| 000 -LEADER | |
|---|---|
| campo de control de longitud fija | 00630nam a22001817a 4500 |
| 001 - NÚMERO DE CONTROL | |
| campo de control | 6881 |
| 005 - FECHA Y HORA DE LA ÚLTIMA TRANSACCIÓN | |
| campo de control | 20250602012212.0 |
| 008 - DATOS DE LONGITUD FIJA--INFORMACIÓN GENERAL | |
| campo de control de longitud fija | 5230201994 sp |
| 020 ## - NÚMERO INTERNACIONAL ESTÁNDAR DEL LIBRO | |
| Número Internacional Estándar del Libro | 84-7978-126-2 |
| 082 ## - NÚMERO DE LA CLASIFICACIÓN DECIMAL DEWEY | |
| Número de clasificación | 330946 |
| Número de ítem | Ol89s |
| 100 ## - ENTRADA PRINCIPAL--NOMBRE DE PERSONA | |
| Nombre de persona | OLTRA CLIMENT VICENTE |
| 245 ## - MENCIÓN DEL TÍTULO | |
| Título | SOCIEDAD Y ECONOMIA COMPETITIVA UN ANALISIS DEL ESTADO DEL MALESTAR |
| Mención de responsabilidad, etc. | Vicente Oltra Climent. |
| 250 ## - MENCION DE EDICION | |
| Mención de edición | 1a. ed. |
| 260 ## - PUBLICACIÓN, DISTRIBUCIÓN, ETC. | |
| Lugar de publicación, distribución, etc. | Madrid : |
| Nombre del editor, distribuidor, etc. | EDICIONES DIAZ DE SANTOS |
| 300 ## - DESCRIPCIÓN FÍSICA | |
| Extensión | xx ; 231 p. / 21.5 cm |
| 504 ## - NOTA DE BIBLIOGRAFÍA, ETC. | |
| Nota de bibliografía, etc. Nota | Bibliografía : P. 229-231 |
| 650 ## - PUNTO DE ACCESO ADICIONAL DE MATERIA--TÉRMINO DE MATERIA | |
| Término de materia o nombre geográfico como elemento de entrada | 1 COMPETENCIA ECONOMICA ESPAÑA 2 ESTADO DEL BIENESTAR ESPAÑA 3 ESPAÑA SITUACION ECONOMICA 1990 |
| Estatus retirado | Estado de pérdida | Estado de daño | No para préstamo | Colección | Biblioteca de origen | Biblioteca actual | Fecha de adquisición | Total de préstamos | Signatura topográfica completa | Código de barras | Visto por última vez | Copia número | Precio de reemplazo | Tipo de ítem Koha |
|---|---|---|---|---|---|---|---|---|---|---|---|---|---|---|
| Acervo general de Libros | Biblioteca Central Mons. Favio M. Rivas S. | Biblioteca Central Mons. Favio M. Rivas S. | 09/05/2014 | 330946 | 000000002182 | 23/05/2025 | 1 | 23/05/2025 | Libros | |||||
| Acervo general de Libros | Biblioteca Central Mons. Favio M. Rivas S. | Biblioteca Central Mons. Favio M. Rivas S. | 09/05/2014 | 330946 | 000000002183 | 23/05/2025 | 2 | 23/05/2025 | Libros | |||||
| Acervo general de Libros | Biblioteca Central Mons. Favio M. Rivas S. | Biblioteca Central Mons. Favio M. Rivas S. | 12/05/2014 | 330946 | 000000002185 | 23/05/2025 | 3 | 23/05/2025 | Libros |
